Responses for Show #2358 - Wednesday, November 30, 1994

Ryan Holznagel game 5.

Contestants

[<< previous game]

David Lindauer, an Army officer from Heidelberg, Germany

Kevin Mulhern, a computer programming consultant from Stanhope, New Jersey

Ryan Holznagel, a software writer originally from Forest Grove, Oregon (whose 4-day cash winnings total $49,413)

[next game >>]

Jeopardy! Round responses

GEOGRAPHY
THE MOVIES
FRUITS & VEGETABLES
HISTORIC DOCUMENTS
LAURELS
"HEART"Y PHRASES
    $100 1
the Bermuda Triangle

Kevin
    $100 6
Ron Howard

Ryan
    $100 11
New York

Ryan
    $100 15
the Louisiana Purchase

David
    $100 16
Hans Christian Andersen

Kevin
    $100 26
a heart-to-heart talk

Ryan
    $200 2
the Silk Route

Triple Stumper
    $200 8
Mary Pickford

David
    $200 12
peas

David
    $200 21
95

Kevin
    $200 17
the Pillsbury Bake-Off

Ryan
    $200 27
the heart of the matter

Kevin
    $300 3
the Pacific Ocean & the Caribbean

Kevin
    $300 7
The Bride of Frankenstein

Kevin
    $300 13
(David: What is cabbage?)

cauliflower

David
Triple Stumper
    $300 22
The Communist Manifesto

Ryan
    $300 18
Henry Mancini

Kevin
    $300 28
have a heart

Ryan
    $400 4
San Salvador

Ryan
    $400 9
Song of the South

Ryan
    $400 14
the eggplant

David
    $1,000 23
(Ryan: What are the Articles of the Confederacy?)

the Constitution of the Confederacy

Ryan
    $400 19
Ray Kroc

David
    $400 29
"The Strings Of My Heart"

Ryan
    $500 5
Denali National Park

Ryan
    $500 10
Joan Fontaine

David
    $500 25
the Thompson Seedless

Triple Stumper
    $500 24
the Missouri

Ryan
    $500 20
the Enrico Fermi Award

Kevin
    $500 30
The Heart is a Lonely Hunter

David

Scores at the first commercial break (after clue 15):

Ryan Kevin David
$1,500 $700 $1,100

Scores at the end of the Jeopardy! Round:

Ryan Kevin David
$2,300 $2,000 $2,000

Double Jeopardy! Round responses

1909
POLITICIANS
CLASSICAL MYTHOLOGY
THE BODY HUMAN
NOVELS & NOVELISTS
20th CENTURY OPERAS
    $200 6
Teddy Roosevelt

Ryan
    $200 11
Ronald Reagan

David
    $200 12
an arrow

David
    $200 21
the anvil

David
    $200 26
The Color Purple

Kevin
    $200 1
Ravel

Kevin
    $400 9
Pearl Harbor

David
    $400 17
(Ted) Kennedy

Ryan
    $400 13
a chariot

Kevin
    $400 22
(Ryan: What are your canines?)

your wisdom teeth

RyanDavid
    $400 27
(Joseph) Heller

Ryan
    $400 2
(Gian Carlo) Menotti

Kevin
    $600 7
Frederic Remington

Kevin
    $600 18
DeWitt Clinton

David
    $600 14
the Fates

Ryan
    $600 23
(Kevin: What is the heart?)

the liver

KevinDavid
    $600 28
The Shoes of the Fisherman

David
    $600 3
Kurt Weill

Ryan
    $800 8
Sigmund Freud

David
    $800 19
(David: [*]? Who was [*]?)

William McKinley (or Rutherford B. Hayes)

David
    $1,700 15
(Ryan: What is physics?)

astronomy

Ryan
    $800 24
(David: What is the vagus nerve?)

the sciatic nerve

David
Triple Stumper
    $800 29
Margaret Atwood

Triple Stumper
    $800 4
Strindberg

Kevin
    $1000 10
(Alex: He came back later. Who is [*]?)

Georges Clemenceau

Triple Stumper
    $1000 20
Andrew Jackson

Ryan
    $1000 16
Cerberus

Kevin
    $1000 25
the sebaceous glands

Kevin
    $1000 30
Florence

David
    $1000 5
(Ryan: Who is Melville?)

Benjamin Britten

RyanDavid

Scores at the end of the Double Jeopardy! Round:

Ryan Kevin David
$2,400 $6,000 $8,000

[wagering suggestions for these scores]

Final Jeopardy! Round responses

BUSINESS & INDUSTRY
RyanWhat is Woolworths?
$2,400
KevinWhat is Woolworth's
$1,000
DavidWhat is the Automat?
$3,700
Woolworth's

Final scores:

Ryan Kevin David
$4,800 $7,000 $4,300
2nd place: Coleman Spas model 60 jacuzzi for 4 & a Hatteras hammock New champion: $7,000 3rd place: Gruen his and hers Curvex watches

Game dynamics:

Coryat scores:

Ryan Kevin David
$5,100 $6,000 $8,000
17 R,
4 W
(including 2 DDs)
16 R,
1 W
19 R
(including 1 DD),
2 W

Combined Coryat: $19,100

[game clues] [game scores] [suggest correction]

Game tape date: 1994-09-12
The J! Archive is created by fans, for fans. Scraping, republication, monetization, and malicious use prohibited; this site may use cookies and collect identifying information. See terms. The Jeopardy! game show and all elements thereof, including but not limited to copyright and trademark thereto, are the property of Jeopardy Productions, Inc. and are protected under law. This website is not affiliated with, sponsored by, or operated by Jeopardy Productions, Inc. Join the discussion at JBoard.tv.